000 00268nam a2200109Ia 4500
008 190216s9999||||xx |||||||||||||| ||und||
100 _aPhilip Selznick
245 0 _aLeadership In Adminstration
260 _bHarper & Row Publishers
_c1957
300 _a162p
942 _cBK
999 _c4747
_d4747